000
00265nam a22001097a 4500
082
_a
340
100
_a
Garg,Sandeep
245
_a
The Indian Penal Code,1860 (Act 45 of 1860)
260
_a
Delhi
_b
Commercial Law Publishers
_c
2025
650
_a
Law
942
_c
C. BOOKS
999
_c
68246
_d
68246